00305nam a2200109Ia 4500008004100000020002200041041000800063100001400071245004500085260005700130300000800187240521s2012 xx 000 0 und d a978-81-906625-2-9 aeng aBRANDS U. aDESIGN BY USE THE EVERYDAY METAMORPHOSIS bBOARD OF INTERNATIONAL RESEARCH IN DESIGN BORDc2012 a192